| 000 | 00875nam a22002057a 4500 | ||
|---|---|---|---|
| 999 |
_c6860 _d6860 |
||
| 003 | AR-CdUCM | ||
| 008 | 190319b ||||| |||| 00| 0 spa d | ||
| 040 |
_aMUNICIPALIDAD PROVINCIAL DEL CUSCO _cBIBLIOTECA MUNICIPAL DEL CUSCO |
||
| 082 |
_a631 / _bV71 |
||
| 100 |
_aVincent, Warren H. _919330 |
||
| 245 |
_aAgricultura : _bNormas sobre economía y administracion / |
||
| 260 |
_aMéxico : _bLimusa - Wiley, S.A. _c1964. |
||
| 300 |
_a451 páginas ; _c23.5 cm. |
||
| 505 | _aContenido : Introducion -- El papel de las funciones de administracion -- Decisiones sobre produccion y consumo en la empresa y la unidad domestica -- Modo de emplear los recursos -- El uso mas de un eemento variable para un mismo producto... | ||
| 650 |
_aAdministracion Agricola _919331 |
||
| 650 |
_aAgricultura _9320 |
||
| 650 |
_aEconomi Agricola _919332 |
||
| 942 |
_2ddc _cLIBROS |
||
| 945 | _artm | ||